| 000 | 01642cam a2200373 a 4500 | ||
|---|---|---|---|
| 001 | EDZ0000062091 | ||
| 003 | StDuBDS | ||
| 005 | 20161031105208.0 | ||
| 006 | m||||||||d|||||||| | ||
| 007 | cr ||||||||||| | ||
| 008 | 120307s2011 caua fo| 001|0|eng|d | ||
| 020 |
_a9781452243894 (ebook) : _cNo price |
||
| 040 |
_aStDuBDS _beng _cStDuBDS _epn |
||
| 049 | _aAlfaisal Main Library | ||
| 050 | 0 |
_aLB1028.3 _b.T4275 2011 |
|
| 082 | 0 | 4 |
_a371.33068 _223 |
| 245 | 0 | 0 |
_aTechnology leadership for school improvement _h[electronic resource] / _cedited by Rosemary Papa. |
| 260 |
_aThousand Oaks, Calif. ; _aLondon : _bSAGE, _cc2011. |
||
| 300 |
_a1 online resource (xvii, 297 p.) : _bill. |
||
| 504 | _aIncludes bibliographical references and index. | ||
| 520 | 8 | _aThis is a practical textbook that prepares primary and secondary educational leaders with the skills and knowledge to manage and administer technology in their school settings. The text focuses on helping educational leaders learn about technology standards and data-driven decision making. | |
| 521 | _aSpecialized. | ||
| 588 | _aDescription based on print version record. | ||
| 650 | 0 |
_aEducational technology _xStudy and teaching. |
|
| 650 | 0 |
_aInformation technology _xStudy and teaching. |
|
| 650 | 0 |
_aTeachers _xTraining of. |
|
| 650 | 0 |
_aTeachers _xIn-service training. |
|
| 655 | 7 |
_aElectronic books. _2local |
|
| 700 | 1 | _aPapa, Rosemary. | |
| 710 | 2 | _aSage eBooks | |
| 776 | 0 | 8 |
_iPrint version : _z9781412972109 |
| 856 | 4 | 0 | _uhttp://ezproxy.alfaisal.edu/login?url=http://sk.sagepub.com/books/technology-leadership-for-school-improvement |
| 942 |
_2lcc _cEBOOKS |
||
| 999 |
_c481423 _d481423 |
||